书目信息 |
| 题名: |
爱的冲突
|
|
| 作者: | 戈特曼 , 戈特曼 著 ;水潇莹 译 | |
| 分册: | ||
| 出版信息: | 杭州 浙江科学技术出版社 2024.3 |
|
| 页数: | 270页 | |
| 开本: | 23cm | |
| 丛书名: | 戈特曼“亲密关系”系列 | |
| 单 册: | ||
| 中图分类: | C913.13 | |
| 科图分类: | ||
| 主题词: | 婚姻--hun yin--通俗读物 | |
| 电子资源: | ||
| ISBN: | 978-7-5739-1156-8 | |
| 000 | 01543nam 2200349 450 | |
| 001 | CAL 012024059464 | |
| 005 | 20250923103403.2 | |
| 010 | @a978-7-5739-1156-8@dCNY109.90 | |
| 099 | @aCAL 012024059464 | |
| 100 | @a20240531d2024 em y0chiy0120 ea | |
| 101 | 1 | @achi@ceng |
| 102 | @aCN@b330000 | |
| 105 | @aa z 000yy | |
| 106 | @ar | |
| 200 | 1 | @a爱的冲突@Aai de chong tu@f(美) 朱莉·施瓦茨·戈特曼, 约翰·戈特曼著@d= Fight right@fJulie Schwartz Gottman, John Gottman@g水潇莹译@zeng |
| 210 | @a杭州@c浙江科学技术出版社@d2024.3 | |
| 215 | @a270页@c图@d23cm | |
| 225 | 2 | @a戈特曼“亲密关系”系列@Age te man“qin mi guan xi”xi lie |
| 300 | @a湛庐 | |
| 306 | @a限中国大陆发行 | |
| 330 | @a本书由婚姻大师戈特曼夫妇基于50多年的研究和实践成果,以及新近一项涵盖4万对伴侣的国际研究发现:冲突是伴侣们寻求治疗的首要原因,也是建立更紧密的关系、更深层次联系和持久爱情的契机。一对伴侣争吵的方式,将直接预示他们关系的未来。书中揭示了冲突背后的真相、3大典型冲突类型,以及人人都会在冲突中犯的5种错误,比如“扔炸弹”、反复拉扯、非赢不可,并提出了一系列行动指南,帮助伴侣把关系拉回正轨的同时,逐步建立更健康、更长久的关系。 | |
| 410 | 0 | @12001 @a戈特曼“亲密关系”系列 |
| 500 | 10 | @aFight right@mChinese |
| 586 | @a | |
| 606 | 0 | @a婚姻@Ahun yin@j通俗读物 |
| 690 | @aC913.13@v5 | |
| 701 | 1 | @a戈特曼@Age te man@g(Gottman, Julie Schwartz)@4著 |
| 701 | 1 | @a戈特曼@Age te man@g(Gottman, John)@4著 |
| 702 | 0 | @a水潇莹@Ashui xiao ying@4译 |
| 801 | 0 | @aCN@c20250923 |
| 905 | @a河南城建学院图书馆@dC913.13@eG240@f1 | |
| 998 | @aZJUT | |
| 爱的冲突/(美) 朱莉·施瓦茨·戈特曼, 约翰·戈特曼著= Fight right/Julie Schwartz Gottman, John Gottman/水潇莹译.-杭州:浙江科学技术出版社,2024.3 |
| 270页:图;23cm.-(戈特曼“亲密关系”系列) |
| 湛庐 |
| ISBN 978-7-5739-1156-8:CNY109.90 |
| 本书由婚姻大师戈特曼夫妇基于50多年的研究和实践成果,以及新近一项涵盖4万对伴侣的国际研究发现:冲突是伴侣们寻求治疗的首要原因,也是建立更紧密的关系、更深层次联系和持久爱情的契机。一对伴侣争吵的方式,将直接预示他们关系的未来。书中揭示了冲突背后的真相、3大典型冲突类型,以及人人都会在冲突中犯的5种错误,比如“扔炸弹”、反复拉扯、非赢不可,并提出了一系列行动指南,帮助伴侣把关系拉回正轨的同时,逐步建立更健康、更长久的关系。 |
| ● |
| 相关链接 |
|
|
|
正题名:爱的冲突
索取号:C913.13/G240
 
预约/预借
| 序号 | 登录号 | 条形码 | 馆藏地/架位号 | 状态 | 备注 |
| 1 | 1637981 | 216379817 | 社科库509/509社科库 61排1列6层/ [索取号:C913.13/G240] | 在馆 |